[Event "ch-FRA Blitz Online Qual"]
[Site "Europe-Chess INT"]
[Date "2020.05.16"]
[Round "11"]
[White "Le Bail, Stephane"]
[Black "Lefrancois, Jean"]
[Result "0-1"]
[WhiteElo "1746"]
[BlackElo "1038"]
[WhiteFideId "655368"]
[BlackFideId "551055635"]
[EventDate "2020.05.16"]

1. d4 d5 2. Bf4 Nf6 3. e3 Bf5 4. Bd3 Bxd3 5. Qxd3 Nc6 6. Nf3 e6 7. O-O Bd6 8.
Ne5 Bxe5 9. dxe5 Nd7 10. Nd2 Ncxe5 11. Qb3 Rb8 12. Rac1 Ng6 13. Bg3 O-O 14. c4
dxc4 15. Nxc4 Nb6 16. Na5 c6 17. Bxb8 Qxb8 18. Nc4 Nd5 19. Na5 Nb6 20. Rfd1 Qe5
21. Nxb7 Qg5 22. Rxc6 Nh4 23. g3 Nf3+ 24. Kg2 Nh4+ 25. Kf1 Nf3 26. Nd6 Nxh2+ 27.
Kg1 Nf3+ 28. Kf1 Qh5 29. Ne4 Nh2+ 30. Ke1 Qf3 31. Kd2 Qxe4 32. Qc2 Rd8+ 33. Kc1
Rxd1+ 34. Kxd1 Qd5+ 35. Kc1 h6 36. Rc5 Qh1+ 37. Qd1 Qg2 38. Rc2 Qf3 39. Qxf3
Nxf3 40. b3 Ne1 41. Rc7 Nd3+ 42. Kc2 Nxf2 43. Rxa7 Nd5 44. a4 Ne4 45. a5 Nc5 46.
a6 Nb4+ 47. Kc3 Nbxa6 48. b4 Nxb4 49. Kxb4 Ne4 50. g4 Nf2 51. Ra8+ Kh7 52. Rf8
Kg6 53. Rc8 Nxg4 54. e4 Nf2 55. e5 Nd3+ 56. Kc4 Nxe5+ 57. Kd4 Ng4 58. Ke4 Nf6+
59. Kf4 h5 60. Rc7 Nd5+ 61. Ke5 Nxc7 62. Kd6 Ne8+ 63. Ke7 Nf6 64. Kd6 h4 65. Ke5
h3 66. Kf4 h2 67. Kf3 h1=Q+ 68. Kf2 Ne4+ 69. Ke3 Ng5 70. Kf4 Qe4+ 71. Kg3 Qf3+
72. Kh4 Qh3# 0-1

[Event "ch-FRA Blitz Online Qual"]
[Site "Europe-Chess INT"]
[Date "2020.05.16"]
[Round "11"]
[White "Belattar, Salah-Eddine"]
[Black "Kloss, Alexandre"]
[Result "1-0"]
[WhiteElo "1886"]
[BlackElo "1577"]
[WhiteFideId "9001468"]
[BlackFideId "36088617"]
[EventDate "2020.05.16"]

1. d4 Nf6 2. Nf3 c5 3. g3 cxd4 4. Nxd4 Nc6 5. Nxc6 bxc6 6. Bg2 g6 7. b3 Bg7 8.
Bb2 O-O 9. O-O Bb7 10. c4 Qc7 11. Nc3 c5 12. Nb5 Qb6 13. Qc2 Bxg2 14. Kxg2 a6
15. Nc3 d6 16. Rad1 Rfb8 17. e4 Qc6 18. Nd5 Nxd5 19. exd5 Qd7 20. Bxg7 Kxg7 21.
Rfe1 Re8 22. Qd3 a5 23. Re2 a4 24. Rde1 axb3 25. axb3 Kg8 26. Qc3 Ra3 27. Qb2
Ra7 28. b4 cxb4 29. Qxb4 Rb7 30. Qc3 Rc7 31. Qb4 Rb7 32. Qd2 Rc7 33. Qd3 Qa4 34.
Re4 Qa7 35. h4 Rec8 36. h5 Qa6 37. hxg6 hxg6 38. Rh4 Rxc4 39. Rxc4 Rxc4 40. Rxe7
Qb5 41. Qe3 Rc5 42. Re8+ Kg7 43. Qe7 Rxd5 44. Qf8+ Kf6 45. Qh8+ Kg5 46. Qh4+ Kf5
47. g4+ Kf4 48. Qg3+ Kg5 49. f4+ Kf6 50. g5+ Kg7 51. Re3 Qb2+ 52. Kf3 Qb7 53.
Qh3 Rxg5+ 54. Ke2 Qb2+ 55. Kd3 Qb5+ 56. Kd2 Rd5+ 57. Ke1 Qb1+ 58. Kf2 Rd2+ 59.
Kf3 Qf1+ 60. Ke4 Qxh3 61. Rxh3 Re2+ 62. Kd3 Re6 63. Kd4 Rf6 64. Ke4 Re6+ 65. Kd5
Kf6 66. Kd4 Kf5 67. Rf3 Re1 68. Ra3 Kxf4 69. Kd5 Rd1+ 70. Kc4 Ke5 71. Ra5+ Ke6
72. Kc3 d5 73. Kc2 Rf1 74. Ra6+ Ke5 75. Kd2 d4 76. Ra7 f5 77. Re7+ Kd6 78. Rg7
Rg1 79. Rf7 Rg2+ 80. Kd3 Rg3+ 81. Kxd4 Rg4+ 82. Ke3 Ke6 83. Rf8 Ke7 84. Rb8 Kf6
85. Rb7 Kg5 86. Rb6 Kh4 87. Kf2 g5 88. Rh6# 1-0

[Event "ch-FRA Blitz Online Qual"]
[Site "Europe-Chess INT"]
[Date "2020.05.16"]
[Round "11"]
[White "Rahnama, Matin"]
[Black "Brasseur, Vincent"]
[Result "1-0"]
[WhiteElo "1754"]
[BlackElo "1603"]
[WhiteFideId "45146039"]
[BlackFideId "45129550"]
[EventDate "2020.05.16"]

1. c4 Nf6 2. Nc3 e6 3. g3 Be7 4. Bg2 c6 5. e3 d5 6. cxd5 exd5 7. d4 Nbd7 8. Nge2
O-O 9. O-O Rb8 10. a3 b6 11. b4 Ba6 12. Bb2 Bc4 13. Re1 Re8 14. Rc1 Bd6 15. e4
Bxe2 16. Rxe2 dxe4 17. Nxe4 Nxe4 18. Rxe4 c5 19. dxc5 Bc7 20. c6 Nf6 21. Bxf6
Qxf6 22. Rxe8+ Rxe8 23. Qd7 Qe5 24. Rd1 h6 25. Bd5 Re7 26. Qc8+ Kh7 27. Bf3 f5
28. Rd7 Kg6 29. Kg2 Rxd7 30. cxd7 Qd6 31. Qe8+ Kh7 32. h4 f4 33. gxf4 Qxf4 34.
d8=Q Bxd8 35. Qxd8 Qd4 36. Qxd4 1-0

[Event "ch-FRA Blitz Online Qual"]
[Site "Europe-Chess INT"]
[Date "2020.05.16"]
[Round "11"]
[White "Dietrich, Antoine"]
[Black "Jacquot, David"]
[Result "0-1"]
[WhiteElo "1499"]
[BlackElo "1830"]
[WhiteFideId "679879"]
[BlackFideId "20624093"]
[EventDate "2020.05.16"]

1. e4 c5 2. d4 cxd4 3. c3 Qa5 4. Bd2 dxc3 5. Nxc3 e6 6. Nf3 a6 7. Bd3 Nc6 8. O-O
Qc7 9. Rc1 Nge7 10. Ne2 Ng6 11. Ned4 Be7 12. Nxc6 dxc6 13. Re1 e5 14. Bc4 O-O
15. Qb3 b5 16. Be2 c5 17. Be3 Be6 18. Qc2 Rac8 19. Ng5 Bd7 20. Nf3 Be6 21. b3
Rfd8 22. Red1 Rxd1+ 23. Rxd1 Nf4 24. Bxf4 exf4 25. e5 g6 26. Qd2 g5 27. Bd3 Rd8
28. Qc2 g4 29. Nd2 Qxe5 30. Bxh7+ Kh8 31. Be4 Rd4 32. Bd3 Bf6 33. Ne4 Bg7 34.
Qxc5 Qxc5 35. Nxc5 Bf5 36. a3 Bf8 0-1

[Event "ch-FRA Blitz Online Qual"]
[Site "Europe-Chess INT"]
[Date "2020.05.16"]
[Round "11"]
[White "De Monts, Louis"]
[Black "Pothieux, Philippe"]
[Result "1-0"]
[WhiteElo "1630"]
[BlackElo "1796"]
[WhiteFideId "36088781"]
[BlackFideId "20606036"]
[EventDate "2020.05.16"]

1. e4 e6 2. Nf3 d5 3. e5 c5 4. b4 cxb4 5. a3 bxa3 6. Bxa3 Bxa3 7. Nxa3 Bd7 8. d4
Ne7 9. Bd3 O-O 10. Bxh7+ Kxh7 11. Ng5+ Kg8 12. Qh5 Re8 13. Qxf7+ Kh8 14. Qh5+
Kg8 15. Qh7+ Kf8 16. Qh8+ Ng8 17. Nh7+ Kf7 18. h4 Nh6 19. Ng5+ Qxg5 20. hxg5
Rxh8 21. gxh6 Rxh6 22. Rf1 Bc6 23. c4 Nd7 24. f4 dxc4 25. Nxc4 Bxg2 26. Nd6+ Ke7
27. Rg1 Rh2 28. Ra2 Rh1 29. Rxg2 Rxg1+ 30. Rxg1 Rg8 31. Nxb7 Nb6 32. Nc5 Nd5 33.
Rg4 a5 34. Ke2 g6 35. Kd3 Rg7 36. Rg1 Nxf4+ 37. Ke4 Nd5 38. Ra1 g5 39. Rxa5 g4
40. Ra7+ Kf8 41. Rxg7 Kxg7 42. Nxe6+ Kf7 43. Kxd5 g3 44. Nf4 Ke7 45. Ke4 Kd7 46.
d5 Ke7 47. Kf3 Kd7 48. Kxg3 1-0

[Event "ch-FRA Blitz Online Qual"]
[Site "Europe-Chess INT"]
[Date "2020.05.16"]
[Round "11"]
[White "Kvashyna, Tetyana"]
[Black "Inventar, Alexandre"]
[Result "0-1"]
[WhiteElo "1764"]
[BlackElo "1437"]
[WhiteFideId "641510"]
[BlackFideId "36054100"]
[EventDate "2020.05.16"]

1. d4 d6 2. Nf3 Nd7 3. e3 e5 4. dxe5 dxe5 5. e4 Ngf6 6. Bd3 h6 7. Nc3 Bd6 8. O-O
c6 9. Be3 O-O 10. a3 Qc7 11. b4 c5 12. Nb5 Qc6 13. Nxd6 Qxd6 14. bxc5 Nxc5 15.
Re1 Ncxe4 16. Bxe4 Nxe4 17. Qc1 Qf6 18. Bxh6 Qxh6 19. Qxh6 gxh6 20. Rxe4 f6 21.
Rh4 Kh7 22. h3 Bf5 23. Rc1 Rac8 24. c4 Rc5 25. Nd2 Rd8 26. Nb3 Rc6 27. Na5 Rb6
28. c5 Rb5 29. Ra4 Rc8 30. c6 bxc6 31. Rxc6 Rd8 32. Rxf6 Bc2 33. Nb3 Bxb3 34.
Rxa7+ Kg8 35. Rxh6 Bc2 36. a4 Rbd5 37. Kh2 R5d7 38. Ra5 Rd5 39. Ra7 R8d7 40.
Ra8+ Kg7 41. Rah8 Ra5 42. Rh4 Kf6 43. R8h6+ Ke7 44. g4 Rxa4 45. Kg3 Rd3+ 46. f3
Bd1 47. Rh7+ Kd6 48. R4h6+ Kc5 49. Rc7+ Kb4 50. Rb6+ Ka3 51. Rb1 Bxf3 52. Kh4
Bd5 53. Rc5 Bg2 54. Rcb5 Rxh3+ 55. Kg5 Bd5 56. Ra1+ Ba2 57. Rxe5 Rb3 58. Re2 Rb2
59. Re3+ Kb4 60. Re4+ Ka5 61. Re5+ Rb5 62. Rxb5+ Kxb5 63. Kh6 Bb3 64. g5 Rxa1
65. g6 Rg1 66. g7 Kc6 67. Kh7 Kd7 68. Kh8 Ke7 69. g8=Q Rxg8+ 70. Kh7 Kf6 71. Kh6
Rh8# 0-1

[Event "ch-FRA Blitz Online Qual"]
[Site "Europe-Chess INT"]
[Date "2020.05.16"]
[Round "11"]
[White "Stajkovski, Stefan"]
[Black "Sylvestre-Baron, Laurent"]
[Result "0-1"]
[WhiteElo "1428"]
[BlackElo "1728"]
[WhiteFideId "551053250"]
[BlackFideId "20698585"]
[EventDate "2020.05.16"]

1. e4 c5 2. Nf3 Nc6 3. d4 cxd4 4. Nxd4 e5 5. Nb5 d6 6. N1c3 a6 7. Na3 b5 8. Nd5
Nge7 9. c3 f5 10. exf5 Bxf5 11. Be2 Be6 12. Nxe7 Bxe7 13. Nc2 O-O 14. Ne3 d5 15.
O-O d4 16. Bf3 dxe3 17. Qxd8 Raxd8 18. Bxc6 exf2+ 19. Rxf2 Rd1+ 20. Rf1 Rdxf1# 0-1

[Event "ch-FRA Blitz Online Qual"]
[Site "Europe-Chess INT"]
[Date "2020.05.16"]
[Round "11"]
[White "Courjal, Pauline"]
[Black "Benlatreche, Farid"]
[Result "1-0"]
[WhiteElo "1848"]
[BlackElo "1416"]
[WhiteFideId "45147841"]
[BlackFideId "551081474"]
[EventDate "2020.05.16"]

1. e4 c5 2. Nf3 d6 3. c3 Nf6 4. h3 e6 5. Bd3 Be7 6. O-O a6 7. Bc2 O-O 8. d4 cxd4
9. cxd4 b5 10. a3 Bb7 11. Nc3 Nc6 12. Bg5 Rc8 13. Re1 b4 14. axb4 Nxb4 15. Bb3
d5 16. e5 Nd7 17. Bxe7 Qxe7 18. Na4 Nc6 19. Bc2 Nb4 20. Bb3 Nc6 21. h4 Rfe8 22.
Bc2 Nf8 23. Ng5 h6 24. Nf3 Nb4 25. Bb3 Nc6 26. Nc5 Ra8 27. Qe2 Nb4 28. Qd2 a5
29. Ba4 Red8 30. Rec1 Ng6 31. Rc3 Bc8 32. h5 Nh8 33. Nh2 Na6 34. Nxa6 Bxa6 35.
Rg3 Kf8 36. Bc2 Qb4 37. Qxb4+ axb4 38. Re1 Rac8 39. Bb3 Bc4 40. Rge3 Bxb3 41.
Rxb3 Rc2 42. Nf3 Rdc8 43. Rxb4 Rc1 44. Rxc1 Rxc1+ 45. Kh2 Kg8 46. Rb8+ Kh7 47.
b4 Rb1 48. b5 g6 49. b6 gxh5 50. b7 Ng6 51. g3 Rb2 52. Kg2 Kg7 53. Ne1 f6 54.
Nd3 Rb3 55. Nc5 Rb5 56. Re8 fxe5 57. b8=Q Rxb8 58. Rxb8 exd4 59. Rb7+ Kf6 60.
Rb6 Ke5 61. Rxe6+ Kf5 62. f3 Ne5 63. Re7 Nc6 64. Rf7+ Ke5 65. Rc7 Kd6 66. Rh7
Kxc5 67. Rxh6 d3 68. Kf2 Nd4 69. Ke3 Kc4 70. Rh8 Nc2+ 71. Kd2 Nb4 72. Rc8+ Kd4
73. f4 Na6 74. f5 Nc5 75. f6 Ne4+ 76. Kd1 Nxf6 77. Rh8 Ng4 78. Rxh5 Ke3 79. Rxd5
Kf3 80. Rxd3+ Ne3+ 81. Ke1 Ke4 82. Ra3 Ng4 83. Ra4+ Kf3 84. Ra3+ Ke4 85. Kf1
Ne3+ 86. Kf2 Ng4+ 87. Kg2 Ne3+ 88. Kh3 Kf3 89. Rxe3+ Kxe3 90. Kg4 Ke4 91. Kh5
Ke5 92. g4 Ke6 93. Kh6 Kf7 94. Kh7 Kf8 95. Kg6 Kg8 96. g5 Kh8 97. Kf7 Kh7 98.
g6+ Kh8 99. g7+ 1-0

[Event "ch-FRA Blitz Online Qual"]
[Site "Europe-Chess INT"]
[Date "2020.05.16"]
[Round "11"]
[White "Vanlerberghe, Luc"]
[Black "Joly, Charlotte"]
[Result "1-0"]
[WhiteElo "1727"]
[BlackElo "1454"]
[WhiteFideId "671908"]
[BlackFideId "36022292"]
[EventDate "2020.05.16"]

1. e4 d5 2. exd5 Qxd5 3. Nc3 Qa5 4. d4 c6 5. Bd2 Qc7 6. Nf3 Nf6 7. Bc4 Bg4 8. h3
Bxf3 9. Qxf3 e6 10. O-O-O Nbd7 11. Rhe1 Be7 12. Bf4 Bd6 13. Bg5 h6 14. Bh4 g5
15. Bg3 Bxg3 16. fxg3 Nd5 17. Nxd5 cxd5 18. Bxd5 Rc8 19. Bb3 Nb6 20. d5 Kf8 21.
dxe6 Nc4 22. Bxc4 Qxc4 23. Qxf7# 1-0

[Event "ch-FRA Blitz Online Qual"]
[Site "Europe-Chess INT"]
[Date "2020.05.16"]
[Round "11"]
[White "Ghazaryan, Gurgen"]
[Black "Staune, Jean"]
[Result "1-0"]
[WhiteElo "1403"]
[BlackElo "1719"]
[WhiteFideId "45137609"]
[BlackFideId "26091631"]
[EventDate "2020.05.16"]

1. e4 c5 2. Nf3 Nc6 3. d4 cxd4 4. Nxd4 Nf6 5. Nc3 e6 6. Bg5 Be7 7. Bb5 Nxe4 8.
Bxe7 Nxc3 9. Bxd8 Nxd1 10. Rxd1 Nxd4 11. Rxd4 Kxd8 12. O-O a6 13. Bxd7 Bxd7 14.
Rfd1 b5 15. Rxd7+ Ke8 16. Rb7 Rd8 17. Rxd8+ Kxd8 18. Rb8+ 1-0

[Event "ch-FRA Blitz Online Qual"]
[Site "Europe-Chess INT"]
[Date "2020.05.16"]
[Round "11"]
[White "Anselin, Djavan"]
[Black "Gauthier, Laurent2"]
[Result "0-1"]
[WhiteElo "1499"]
[BlackElo "1704"]
[WhiteFideId "36080713"]
[BlackFideId "676810"]
[EventDate "2020.05.16"]

1. e4 c5 2. d4 cxd4 3. c3 Nf6 4. e5 Nd5 5. Bc4 Nb6 6. Bb3 e6 7. cxd4 d6 8. Nf3
dxe5 9. Nxe5 Be7 10. O-O O-O 11. Nc3 Nc6 12. Nxc6 bxc6 13. Bf4 Bb7 14. Rc1 Rc8
15. h3 Bg5 16. Bxg5 Qxg5 17. Ne4 Qe7 18. Qe2 Rfd8 19. Rfd1 Nd5 20. Nc5 Rd6 21.
Bxd5 Rxd5 22. Rc3 Rcd8 23. Nxb7 Qxb7 24. Rcd3 Qd7 25. Qe3 c5 26. Qe4 h6 27. Ra3
cxd4 28. Qd3 Rb8 29. b3 Rc8 30. Qa6 d3 31. Qxa7 Qxa7 32. Rxa7 d2 33. Kf1 Rc1 34.
Ke2 f6 35. Ra4 e5 36. Rc4 Rxc4 37. bxc4 Rd4 38. Rxd2 Rxc4 39. Ke3 Ra4 40. Ke2
Kf7 41. Rb2 Ke6 42. Kf3 g5 43. Kg3 h5 44. f3 h4+ 45. Kh2 Kf5 46. Rd2 e4 47. Rd5+
Kg6 48. fxe4 Rxe4 49. a3 Ra4 50. Rd3 f5 51. Rd6+ Kh5 52. Rd3 g4 53. hxg4+ Kxg4
54. Kg1 f4 55. Kf2 Rc4 56. Kg1 Rc1+ 57. Kh2 Ra1 58. Rb3 Ra2 59. Rc3 Rb2 60. Rd3
Kf5 61. Rh3 Ra2 62. Rb3 Ke4 63. Rh3 Kd4 64. Rxh4 Ke3 65. Rh3+ Kf2 66. Rg3 fxg3+
67. Kh3 Rxa3 68. Kh4 Kxg2 69. Kg5 Kh2 70. Kf5 g2 71. Ke5 g1=Q 72. Kd5 Qg4 73.
Ke5 Ra5+ 74. Kd6 Qg6+ 75. Ke7 Ra7+ 76. Kd8 Qg8# 0-1

[Event "ch-FRA Blitz Online Qual"]
[Site "Europe-Chess INT"]
[Date "2020.05.16"]
[Round "11"]
[White "Kosciusko-Morizet, Antoine"]
[Black "Rapaire, Jean-Michel"]
[Result "0-1"]
[WhiteElo "1293"]
[BlackElo "1742"]
[WhiteFideId "45166749"]
[BlackFideId "5400023"]
[EventDate "2020.05.16"]

1. e4 d5 2. exd5 Qxd5 3. Nc3 Qd8 4. Nf3 Nf6 5. Bc4 Bf5 6. O-O e6 7. d3 Be7 8.
Re1 O-O 9. Bg5 Nbd7 10. h3 h6 11. Bh4 c6 12. Qd2 Nd5 13. Bxe7 Nxe7 14. Re2 Nd5
15. Rae1 Qf6 16. Nxd5 cxd5 17. Bb5 Nb6 18. c3 a6 19. Ne5 axb5 20. a3 Rfd8 21.
Qe3 Nd7 22. Nf3 Bg6 23. Nd4 Nc5 24. Nxb5 Nxd3 25. Rd1 Nf4 26. Red2 Qg5 27. Qf3
Be4 28. Qg3 Qxg3 29. fxg3 Ng6 30. Nd4 Ne5 31. Rf1 Nc4 32. Rdf2 Rd7 33. Kh2 Bd3
34. Rd1 Bg6 35. Rdf1 Nd6 36. h4 h5 37. Kh3 Ne4 38. Re2 Nf6 39. Rf4 Ng4 40. Rf1
Be4 41. Ree1 Ne5 42. Rf4 Nd3 43. Ref1 Nxf4+ 44. Rxf4 Re8 45. Rf2 Rc7 46. Kh2
Rcc8 47. Kh3 Ra8 48. g4 hxg4+ 49. Kxg4 g6 50. Kh3 Kg7 51. Ne2 Rh8 52. Ng3 Rh6
53. Re2 Rah8 54. Nxe4 Rxh4+ 55. Kg3 Rxe4 56. Rxe4 dxe4 57. Kf4 Rh4+ 58. Ke3 g5
59. g3 Rh3 60. Kxe4 Rxg3 61. Kd4 Rg2 62. b3 Kf6 63. a4 Ke7 64. b4 Kd7 65. b5 f6
66. Kc5 Kc7 67. c4 Rd2 68. b6+ Kb8 69. Kb5 g4 70. a5 Rb2+ 71. Kc5 g3 72. a6 bxa6
73. Kc6 g2 74. c5 g1=Q 75. Kd6 Rd2+ 76. Kxe6 Qe3+ 77. Kxf6 Rf2+ 78. Kg6 Qg3+ 79.
Kh5 Rh2# 0-1

[Event "ch-FRA Blitz Online Qual"]
[Site "Europe-Chess INT"]
[Date "2020.05.16"]
[Round "11"]
[White "Cornileau, Raphael"]
[Black "Akopian, Edwin"]
[Result "0-1"]
[WhiteElo "1397"]
[BlackElo "1706"]
[WhiteFideId "45105790"]
[BlackFideId "36068357"]
[EventDate "2020.05.16"]

1. e4 e5 2. Nf3 Nc6 3. Nc3 Nf6 4. d4 exd4 5. Nxd4 Bb4 6. Nxc6 bxc6 7. Bd3 d5 8.
exd5 cxd5 9. O-O O-O 10. h3 h6 11. Qf3 c6 12. Bd2 Re8 13. Rfe1 Be6 14. Nb1 Bd6
15. Nc3 Rb8 16. b3 Bc7 17. Bf4 a5 18. Qg3 Bxf4 19. Qxf4 Qd7 20. a4 d4 21. Ne4
Nxe4 22. Qxe4 g6 23. Qf3 Bd5 24. Be4 Bxe4 25. Rxe4 Rxe4 26. Qxe4 Re8 27. Qd3 c5
28. Qc4 Qe7 29. Kf1 Qe5 30. Kg1 Rb8 31. Rd1 Rb4 32. Qd3 Rb8 33. Qd2 Re8 34. Qxa5
Qe2 35. Qd2 Qxd2 36. Rxd2 Re1+ 37. Kh2 Kf8 38. Kg3 Ke7 39. Kf3 Kd6 40. Re2 Rc1
41. Rd2 Re1 42. g3 f5 43. h4 g5 44. hxg5 hxg5 45. g4 f4 46. Kg2 Kd5 47. f3 Re3
48. Kf2 Rc3 49. Re2 Re3 50. Rxe3 fxe3+ 51. Ke2 c4 52. f4 gxf4 53. g5 d3+ 54.
cxd3 cxb3 55. g6 b2 56. g7 b1=Q 57. g8=Q+ Ke5 58. Qe8+ Kf5 59. Qe4+ Kg5 60. Qg2+
Kf5 61. Qe4+ Kg5 62. Qd5+ Kg4 63. Qg8+ Kf5 64. Qf7+ Kg5 65. Qc4 Qb2+ 66. Ke1
Qd2+ 67. Kf1 Qf2# 0-1

[Event "ch-FRA Blitz Online Qual"]
[Site "Europe-Chess INT"]
[Date "2020.05.16"]
[Round "11"]
[White "Nomel, Mathis"]
[Black "Buffin, Jean"]
[Result "0-1"]
[WhiteElo "1262"]
[BlackElo "1711"]
[WhiteFideId "36054399"]
[BlackFideId "20699751"]
[EventDate "2020.05.16"]

1. d4 d5 2. Nf3 Nf6 3. c4 e6 4. Nc3 Nbd7 5. g3 Be7 6. Bg2 O-O 7. O-O b6 8. a3
Bb7 9. cxd5 exd5 10. Bf4 c6 11. Rc1 Rc8 12. Qa4 a5 13. Nd1 Ne4 14. Ne5 Nxe5 15.
Bxe5 Qd7 16. Nc3 Nd2 17. Rfd1 Nc4 18. Qb3 b5 19. Qa2 a4 20. b3 axb3 21. Qxb3 Ra8
22. Ra1 Rxa3 23. Qc2 Rfa8 24. Rxa3 Nxa3 25. Qd3 Nc4 26. e4 Nb2 27. Qe2 Nxd1 28.
Qxd1 b4 29. Nb1 dxe4 30. Bxe4 c5 31. Qh5 Bxe4 0-1

[Event "ch-FRA Blitz Online Qual"]
[Site "Europe-Chess INT"]
[Date "2020.05.16"]
[Round "11"]
[White "Farthouat, Titoine"]
[Black "Coutton, Aurelien"]
[Result "1-0"]
[WhiteElo "1652"]
[BlackElo "1211"]
[WhiteFideId "36015660"]
[BlackFideId "45121443"]
[EventDate "2020.05.16"]

1. e4 c5 2. Nf3 d6 3. d4 cxd4 4. Nxd4 Nf6 5. Nc3 a6 6. f4 e5 7. Nf3 Be7 8. fxe5
dxe5 9. Qxd8+ Bxd8 10. Nxe5 Bc7 11. Nf3 b5 12. Bd3 Bb7 13. Be3 Nbd7 14. O-O O-O
15. Rad1 b4 16. Nd5 Nxd5 17. exd5 Nf6 18. Bc5 Rfe8 19. d6 Ba5 20. Bf5 Rad8 21.
d7 Re2 22. Rfe1 Rxe1+ 23. Rxe1 g6 24. Be7 Ra8 25. Bxf6 gxf5 26. Re8+ 1-0

[Event "ch-FRA Blitz Online Qual"]
[Site "Europe-Chess INT"]
[Date "2020.05.16"]
[Round "11"]
[White "Launay, Maxence"]
[Black "Lapitski, Yaroslav"]
[Result "0-1"]
[WhiteElo "1084"]
[BlackElo "1765"]
[WhiteFideId "551013231"]
[BlackFideId "13519468"]
[EventDate "2020.05.16"]

1. d4 Nf6 2. c4 g6 3. Nc3 d5 4. Bd2 Bg7 5. e3 O-O 6. Nf3 c6 7. c5 Nbd7 8. b4 Re8
9. a4 e5 10. dxe5 Nxe5 11. Nxe5 Rxe5 12. b5 d4 13. Ne2 dxe3 14. Bxe3 Bf5 15. Ng3
Bg4 16. Be2 Bxe2 17. Nxe2 Ng4 18. O-O Nxe3 19. fxe3 Rxe3 20. Qxd8+ Rxd8 21. Rab1
Rxe2 22. b6 a6 23. Rbe1 Rxe1 24. Rxe1 Bd4+ 25. Kh1 Bxc5 26. Re4 Bxb6 27. h3 c5
28. Re7 c4 29. Rxb7 Ba5 30. Rb1 c3 31. Kh2 c2 32. Rc1 Rc8 33. g3 Bd2 34. Rf1
c1=Q 35. Rxc1 Rxc1 36. h4 Bb4 37. Kh3 Ra1 38. Kg4 Rxa4 39. Kg5 Be7+ 40. Kh6 Bf8+
41. Kg5 Rd4 42. g4 Be7+ 43. Kh6 Bf8+ 44. Kg5 Rxg4+ 45. Kxg4 a5 46. Kg5 a4 47. h5
a3 48. hxg6 hxg6 49. Kf6 a2 50. Kg5 a1=Q 51. Kh4 Be7+ 52. Kg4 Qd4+ 53. Kf3 Bg5
54. Kg3 Qe3+ 55. Kg4 Qf4+ 56. Kh3 Qf3+ 57. Kh2 Bf4+ 58. Kg1 Qe2 59. Kh1 0-1

[Event "ch-FRA Blitz Online Qual"]
[Site "Europe-Chess INT"]
[Date "2020.05.16"]
[Round "11"]
[White "Vasselin, Louis"]
[Black "Minde, Baptiste"]
[Result "1-0"]
[WhiteElo "1590"]
[BlackElo "1210"]
[WhiteFideId "36070238"]
[BlackFideId "45172110"]
[EventDate "2020.05.16"]

1. d4 e6 2. Bf4 d5 3. e3 c5 4. c3 Qb6 5. Qc2 Nc6 6. Nd2 Bd7 7. Ngf3 cxd4 8. exd4
Nf6 9. Bd3 Be7 10. O-O O-O 11. Rfe1 Na5 12. a3 Rac8 13. Rac1 Nc4 14. Nxc4 dxc4
15. Be2 Qb5 16. Ne5 Bc6 17. Nxc6 Qxc6 18. Bf3 Qb5 19. Rcd1 Nd5 20. Be5 Bf6 21.
Bxd5 Qxd5 22. Bxf6 gxf6 23. Re3 Qg5 24. Rg3 h6 25. Rxg5+ hxg5 26. Re1 Rfe8 27.
Qe2 Rcd8 28. Qxc4 e5 29. h3 exd4 30. Rxe8+ Rxe8 31. Qxd4 Re1+ 32. Kh2 Kg7 33.
Qxa7 Rb1 34. Qxb7 Kg6 35. a4 Ra1 36. b3 Rc1 37. a5 Rxc3 38. a6 Rc1 39. a7 Ra1
40. a8=Q Rxa8 41. Qxa8 f5 42. Qc6+ Kh5 43. b4 g4 44. hxg4+ Kxg4 45. Qf6 f4 46.
f3+ Kh5 47. Qxf7+ Kg5 48. Qg7+ Kh5 49. b5 Kh4 50. b6 Kh5 51. b7 Kh4 52. b8=Q Kh5
53. Qbh8# 1-0

[Event "ch-FRA Blitz Online Qual"]
[Site "Europe-Chess INT"]
[Date "2020.05.16"]
[Round "11"]
[White "Ogier, Daniil"]
[Black "Zanin, Dario"]
[Result "0-1"]
[WhiteElo "1059"]
[BlackElo "1918"]
[WhiteFideId "45187398"]
[BlackFideId "615919"]
[EventDate "2020.05.16"]

1. e4 e5 2. Nf3 Nc6 3. d4 exd4 4. Bc4 Nf6 5. O-O d6 6. c3 dxc3 7. Nxc3 Be7 8.
Bg5 O-O 9. Rc1 Bg4 10. h3 Bxf3 11. Qxf3 Ne5 12. Qe2 Nxc4 13. Qxc4 Qd7 14. Rfd1
Ne8 15. Bf4 Qe6 16. Nd5 c6 17. Ne3 Qxc4 18. Nxc4 Rd8 19. Rd2 d5 20. Rcd1 Nf6 21.
exd5 Nxd5 22. Bh2 Bg5 23. f4 Bf6 24. g4 h6 25. h4 Rde8 26. Nd6 Re7 27. g5 hxg5
28. hxg5 Rd7 29. Ne4 Bd8 30. Nc3 Bb6+ 31. Kh1 Rfd8 32. Nxd5 cxd5 33. Kg2 d4 34.
Kf3 Kf8 35. Bg1 Ke7 36. Bxd4 Bxd4 37. Rxd4 Rxd4 38. Rxd4 Rxd4 39. Ke3 Rb4 40.
Kd3 Rxb2 41. a4 Ra2 42. Kc4 Rxa4+ 43. Kb5 Rxf4 44. Kc5 a5 45. Kd5 a4 46. Ke5 Rb4
47. Kf5 a3 48. Ke5 a2 49. Kd5 a1=Q 50. Kc5 Qa5# 0-1

[Event "ch-FRA Blitz Online Qual"]
[Site "Europe-Chess INT"]
[Date "2020.05.16"]
[Round "11"]
[White "Bourgeois, Florian"]
[Black "Chevillon, Celia"]
[Result "1-0"]
[WhiteElo "2033"]
[BlackElo "1433"]
[WhiteFideId "690660"]
[BlackFideId "45107459"]
[EventDate "2020.05.16"]

1. e4 e5 2. Nf3 Nc6 3. Bc4 Bc5 4. O-O d6 5. Nc3 Nf6 6. d3 Bg4 7. Be3 Nd4 8. Bxd4
Bxd4 9. h3 Bh5 10. Kh2 Qd7 11. Qd2 O-O-O 12. Nxd4 exd4 13. Ne2 c5 14. Nf4 Bg6
15. Qa5 Kb8 16. b4 Qc6 17. b5 Qb6 18. Qxb6 axb6 19. Nd5 Nxd5 20. Bxd5 f5 21.
Rfe1 Rhe8 22. exf5 Bxf5 23. Bf7 Rxe1 24. Rxe1 Rd7 25. Bd5 g6 26. Re8+ Kc7 27. g4
Bxd3 28. cxd3 Rg7 29. Kg3 h5 30. f4 Kd7 31. Rb8 h4+ 32. Kxh4 g5+ 33. fxg5 Rg6
34. Kh5 Rh6+ 35. gxh6 c4 36. Rxb7+ Kc8 37. dxc4 d3 38. h7 d2 39. h8=Q# 1-0

[Event "ch-FRA Blitz Online Qual"]
[Site "Europe-Chess INT"]
[Date "2020.05.16"]
[Round "11"]
[White "Perez Marco, Ricardo"]
[Black "Eric Andriana, Fitia"]
[Result "1-0"]
[WhiteElo "2064"]
[BlackElo "1401"]
[WhiteFideId "2256401"]
[BlackFideId "36094366"]
[EventDate "2020.05.16"]

1. e4 e5 2. Nf3 Nc6 3. Bb5 a6 4. Ba4 Nf6 5. Bxc6 dxc6 6. O-O Bd6 7. d4 exd4 8.
e5 Bxe5 9. Re1 O-O 10. Nxe5 Qd5 11. c4 Qd6 12. Bf4 Bg4 13. Nxg4 Qxf4 14. Nxf6+
Qxf6 15. Qd3 b5 16. Nd2 c5 17. cxb5 axb5 18. Qxb5 Qd6 19. Nc4 Qf6 20. Qxc5 Ra6
21. Ne5 Rfa8 22. Qxd4 Ra5 23. b4 Rb5 24. a3 Re8 25. f4 Rb6 26. Qd7 Rbe6 27. Qxc7
Qg6 28. Nxg6 Rxe1+ 29. Rxe1 Rxe1+ 30. Kf2 Re8 31. Ne5 f6 32. Qf7+ Kh8 33. Qxe8# 1-0